000 00311nam a2200121Ia 4500
008 190216s9999||||xx |||||||||||||| ||und||
100 _aSethu & Punathil Kunhabdulla
245 0 _aNavagrahangalude Thadavara
260 _bD C Books Kerala
_c1975
300 _a188p
650 _aMalayalam Novel
942 _cBK
999 _c26000
_d26000